Reference sources in agriculture: (Record no. 39236)
[ view plain ]
| 000 -LEADER | |
|---|---|
| fixed length control field | 00490nam a22001577a 4500 |
| 008 - FIXED-LENGTH DATA ELEMENTS--GENERAL INFORMATION | |
| fixed length control field | 230605b |||||||| |||| 00| 0 eng d |
| 040 ## - CATALOGING SOURCE | |
| Original cataloging agency | National Science Library |
| Transcribing agency | National Science Library |
| 080 ## - UNIVERSAL DECIMAL CLASSIFICATION NUMBER | |
| Universal Decimal Classification number | R 016:03:63 |
| Item number | K2.2 |
| 100 ## - MAIN ENTRY--PERSONAL NAME | |
| Personal name | Singghvi, M L |
| 245 ## - TITLE STATEMENT | |
| Title | Reference sources in agriculture: |
| Remainder of title | An annotated bibliography |
| 260 ## - PUBLICATION, DISTRIBUTION, ETC. | |
| Place of publication, distribution, etc. | Udaipur: |
| Name of publisher, distributor, etc. | Rajasthan College of Agriculture, |
| Date of publication, distribution, etc. | 1962 |
| 300 ## - PHYSICAL DESCRIPTION | |
| Extent | 417p. |
| 650 ## - SUBJECT ADDED ENTRY--TOPICAL TERM | |
| Topical term or geographic name entry element | Bibliography |
| 653 ## - INDEX TERM--UNCONTROLLED | |
| Uncontrolled term | Agriculture |
| 942 ## - ADDED ENTRY ELEMENTS (KOHA) | |
| Source of classification or shelving scheme | Universal Decimal Classification |
| Koha item type | Reference |
| Withdrawn status | Lost status | Source of classification or shelving scheme | Damaged status | Not for loan | Collection | Home library | Current library | Shelving location | Date acquired | Total Checkouts | Full call number | Barcode | Date last seen | Price effective from | Koha item type |
|---|---|---|---|---|---|---|---|---|---|---|---|---|---|---|---|
| Universal Decimal Classification | Reference | National Science Library | National Science Library | GF/RK-26/C-7/R-4 | 21/08/1984 | R 016:03:63 K2 | 8766 | 05/06/2023 | 21/08/1984 | Reference | |||||
| Universal Decimal Classification | Reference | National Science Library | National Science Library | GF/RK-26/C-7/R-4 | 25/03/1963 | R 016:03:63 K2 | 2596 | 05/06/2023 | 25/03/1963 | Reference |